00941nam a2200205 a 450000100100000000500170001000800410002704000250006808200150009310000300010824500610013826000760019930000210027550000620029604900090035895201130036795201190048095201190059999900170071800002183620200930011453.0100913s1984 dr 000 0 spa d aDO-SdBNPbspacBNPHU axxxbG241e1 aGarrido Puello, E. O.98410aEscudriñando en mi escritorio /cE. O. Garrido Puello. aSanto Domingo :bUniversidad Nacional Pedro Henríquez Ureña,c1984. a149 p. ;c22 cm. aIncluye datos biográficos del autor en la contraportada aBNPD 0010718PDaPDbPDcCTd2010-09-13iLF1l0oxxx G241ep21836-10r2020-06-25w2020-06-25yLFPDZNo se presta 0010718PDaPDbPDcCTd2010-09-13iLF1l0oxxx G241ep21836-20r2020-06-25te. 2w2020-06-25yLFPDZNo se presta 0010718DSaPDbPDcCTd2013-05-08iLF1l0oxxx G241ep21836-30r2020-06-25te. 3w2020-06-25yLFDSZNo se presta c21334d21334